Missing Word: TV Characters A-Z Quiz Stats

 Plays Quiz Updated Jul 24, 2014

Support Sporcle.
Go Orange.
Score 0/26 Timer 03:00
1 Play Today
Hint Answer % Correct
Bart ____Simpson
94.3%
Morticia ____Addams
92.6%
____ Warrior PrincessXena
89.2%
____ BearYogi
79.9%
____ SopranoTony
78.6%
____ BauerJack
78.4%
____ MarsVeronica
78.2%
____ CleaverBeaver
76.9%
Dr. Gregory ____House
74.7%
Hawkeye ____Pierce
63.8%
____ CraneNiles
62.2%
____ SchruteDwight
62.1%
____ MulderFox
59.3%
Hint Answer % Correct
____ BenesElaine
58%
____ LemonLiz
56%
Bruce ____Wayne
54.3%
Lorelai ____Gilmore
51.7%
Steve ____Urkel
49.9%
Laura ____Ingalls
49.9%
____ BundyKelly
45.4%
Roseanne ____Conner
43.7%
____ SwansonRon
42.7%
____ PopeOlivia
33.9%
Invader ____Zim
30.8%
____ MorgendorfferQuinn
22%
____ LahiriMindy
18.9%

Today's Daily Dose

You're not logged in!

Compare scores with friends on all Sporcle quizzes.
OR
Log In

From the Vault

Without Sporcle: Literature

by alinrotundu

But can we have Literature WITH Sporcle too?
Remove Ads.
Support Sporcle.
Get the best of Sporcle when you Go Orange. This ad-free experience offers more features, more stats, and more fun while also helping to support Sporcle. Thank you for becoming a member.

Show Comments

Extras

Top Quizzes Today


Score Distribution

Your Account Isn't Verified!

In order to create a playlist on Sporcle, you need to verify the email address you used during registration. Go to your Sporcle Settings to finish the process.

Report this User

Report this user for behavior that violates our Community Guidelines.

Details: